000 00578nam a22002177a 4500
003 UA-OsUOA
001 52335
007 ta
008 20080211b un ||||| |||| 00| 0 ukr d
100 _aМиколюк О.
090 _a32
_bМ-12
942 _cSA
040 _aUA-OsUOA
_bukr
_cUA-OsUOA
_dUA-OsUOA
245 _aГеополітичний вектор і мова. Що може об'єднати різомовних українців?
300 _aС.6
955 _a0
041 _aukr
080 _a32
773 0 _w52333
650 7 _a32 Політика
_2UDC
999 _c338426
_d338426